Uğur Mumcu'ya armağan (Record no. 5145)

MARC details
000 -BAŞLIK
Sabit Uzunlukta Kontrol Alanı 00850na a2200265 4500
001 - KONTROL NUMARASI
Denetim Alanı 15355
003 - KONTROL NUMARASI IDENTIFIER
Denetim Alanı MIRAKIL
005 - SON İŞLEM TARİHİ VE ZAMANI
Denetim Alanı 20181213155029.0
008 - SABİT-BOY VERİ ELEMANLARI - GENEL BİLGİLER
Sabit Uzunlukta Kontrol Alanı 161024b tu 000 0
020 ## - ULUSLARARASI STANDART KİTAP NUMARASI
Uluslararası Standart Kitap Numarası 9757866024
035 ## - SİSTEM KONTROL NUMARASI
Sistem Kontrol Numarası 15355
040 ## - KATALOGLAMA KAYNAK
Orijinal Kataloglama Ajansı Milas
Kataloglama Dili tur
Metne Dönüştürmek Ajansı TR-AnCHP
041 ## - DİL KODU
Metin / Ses Parça Veya Ayrı Başlığın Dil Kodu tur
082 ## - DEWEY ONLU SINIFLANDIRMA NUMARASI
Sınıflandırma Numarası 920.7 Mumcu,U.
Ürün Numarası U38 1994
090 ## - SINIFLAMA NUMARASI
Sınıflama Numarası 920.7 Mumcu,U. U38 1994
245 ## - BAŞLIK TABLOSU
Başlık Uğur Mumcu'ya armağan
Sorumluluk Tablosu, Vb yayına hazırlayanlar Metin Aksoy...[ve öte...]
260 ## - YAYIN, DAĞITIM, VB
Yayın, Dağıtım, Vb Yeri [y.y.]
Yayıncı, Dağıtıcı, Vs Adı Çağdaş Gazeteciler Derneği Yayınları
Yayın, Dağıtım, Vb Tarihi 1994
300 ## - FİZİKSEL TANIM
Kapsam xvı, 478 s.
Diğer Fiziksel Ayrıntıları res.
Boyutlar 20 sm.
490 ## - SERİSİ TABLOSU
Seri Beyanı Çağdaş gazeteciler derneği yayınları
Hacim / Ardışık Tanımı 8
600 ## - KONU KATMA GİRİŞ - KURUMSAL ADI
Kişisel Ad Mumcu, Uğur
Bir Adıyla İlişkilendirilen Tarihler 1942 - 1993
Genel Alt Bölümü Armağan kitaplar
600 ## - KONU KATMA GİRİŞ - KURUMSAL ADI
Kişisel Ad Mumcu, Uğur
Genel Alt Bölümü Armağan kitaplar
650 ## - KONU KATMA GİRİŞ - TOPİKAL DÖNEM
Topikal Süreli Veya Coğrafi Ad Giriş Elemanı Gazeteciler
Genel Alt Bölümü Armağan kitaplar
Coğrafi Alt Bölümü Türkiye
700 ## - KATMA GİRİŞ - KİŞİSEL İSİM
Kişisel Ad Aksoy, Metin
942 ## - EKLENDİ GİRİŞ ELEMANLARI (KOHA)
Sınıflandırma Veya Raf Düzeni Kaynak
Koha Öğesi Türü Books
999 ## - SİSTEM KONTROL NUMARALARI (KOHA)
Koha Biblionumber 5145
Koha Biblioitemnumber 5145
Holdings
Kalıcı Konum Mevcut Konum Edinme Tarihi Edinim Kaynak Toplam Check-Out'Lar Tam Çağrı Numarası Barkod Tarih Son Görülme İtibaren Geçerli Fiyatlar Koha Öğesi Türü Kopya Sayısı
CHP Kütüphanesi CHP Kütüphanesi 01/16/2017 Bağış   920.7 Mumcu,U. U38 1994 010967 01/16/2017 01/16/2017 Books k.2
Parti Okulu Kütüphanesi Parti Okulu Kütüphanesi 09/08/2016 Bağış   920.7 Mumcu,U. U38 1994 P00630 09/08/2016 09/08/2016 Books